|
|
|
|
| LEADER |
00000cas a2200000 a 4500 |
| 001 |
vtls010206143 |
| 003 |
SK-MaSNL |
| 005 |
20260228161153.0 |
| 008 |
110125c20099999xo qx|p 0 b0slo |
| 022 |
|
|
|a 1339-0546
|
| 040 |
|
|
|a SNK
|b slo
|c SNK
|e AACR2
|
| 041 |
0 |
|
|a slo
|
| 043 |
|
|
|a e-xo---
|
| 044 |
|
|
|a xo
|c SK
|
| 072 |
|
7 |
|a 352/354
|x Stupne miestnej, oblastnej a ústrednej správy
|2 konspekt
|
| 072 |
|
7 |
|a 316.7
|x Sociológia kultúry. Kultúrny život
|2 konspekt
|
| 072 |
|
7 |
|a 394
|x Verejný a spoločenský život. Každodenný život
|2 konspekt
|
| 080 |
|
|
|a 353.9
|2 2011
|
| 080 |
|
|
|a 316.728
|2 2011
|
| 080 |
|
|
|a 394
|2 2011
|
| 080 |
|
|
|a (437.6)
|2 2011
|
| 080 |
|
|
|a 050
|2 2011
|
| 080 |
|
|
|a (051)+(054)
|2 2011
|
| 210 |
0 |
|
|a Jakubovské zv.
|
| 222 |
|
0 |
|a Jakubovské zvesti
|
| 245 |
0 |
0 |
|a Jakubovské zvesti
|
| 260 |
|
|
|a Jakubov
|b Obecný úrad
|c 2009-
|
| 300 |
|
|
|a zv.
|c 30 cm
|
| 310 |
|
|
|a 4x ročne
|
| 362 |
0 |
|
|a Roč. I, č. 1 (2009)-
|
| 500 |
|
|
|a Registračné č.: EV 3845/09
|
| 515 |
|
|
|a R. 2014 má chybne uvedený roč. 5, má byť roč. 6 ; Č. 3/2016 má chybne uvedený roč. 7, má byť roč. 8
|
| 650 |
0 |
7 |
|a územná samospráva
|2 SNKPH
|9 802
|
| 650 |
0 |
7 |
|a každodenný život
|2 SNKPH
|9 4946
|
| 651 |
|
7 |
|a Jakubov (Slovensko)
|2 SNKPHgeo
|9 163809
|
| 655 |
|
7 |
|a miestne periodiká
|2 SNKPH
|9 160938
|
| 856 |
4 |
1 |
|u https://www.jakubov.sk/p/672/obecne-noviny.html
|
| 910 |
|
|
|a snk
|
| 999 |
|
|
|c 4550
|d 6480
|
| 952 |
|
|
|0 0
|1 0
|3 Spoločne zviazané r. 2009-2010
|4 0
|7 0
|8 0
|a SNK
|b SNK
|d 2019-11-06
|i snk2019/28383
|l 0
|o snkČSB 7350/1/2009
|p 17A1384526
|r 2026-02-21 22:07:49
|t č. 1
|w 2026-02-21
|y PREZ
|z Spoločne zviazané r. 2009-2010
|
| 952 |
|
|
|0 0
|1 0
|3 Spoločne zviazané r. 2009-2010
|4 0
|7 0
|8 0
|a SNK
|b SNK
|d 2019-11-06
|i snk2019/28383
|l 0
|o snkČSB 7350/2/2010
|p 17A1384527
|r 2026-02-21 22:07:49
|t č. 1-4, neúplné
|w 2026-02-21
|y PREZ
|z Chýba č. 2. ; Spoločne zviazané r. 2009-2010
|
| 952 |
|
|
|0 0
|1 0
|3 Spoločne zviazané r. 2011-2018
|4 0
|7 0
|8 0
|a SNK
|b SNK
|d 2019-11-06
|i snk2019/28383
|l 0
|o snkČSB 7350/3/2011
|p 17A1384528
|r 2026-02-21 22:07:49
|t č. 1-4
|w 2026-02-21
|y PREZ
|z Spoločne zviazané r. 2011-2018
|
| 952 |
|
|
|0 0
|1 0
|3 Spoločne zviazané r. 2011-2018
|4 0
|7 0
|8 0
|a SNK
|b SNK
|d 2019-11-06
|i snk2019/28383
|l 0
|o snkČSB 7350/4/2012
|p 17A1384529
|r 2026-02-21 22:07:49
|t č. 1-4
|w 2026-02-21
|y PREZ
|z Spoločne zviazané r. 2011-2018
|
| 952 |
|
|
|0 0
|1 0
|3 Spoločne zviazané r. 2011-2018
|4 0
|7 0
|8 0
|a SNK
|b SNK
|d 2019-11-06
|i snk2019/28383
|l 0
|o snkČSB 7350/5/2013
|p 17A1384530
|r 2026-02-21 22:07:49
|t č. 1-4
|w 2026-02-21
|y PREZ
|z Spoločne zviazané r. 2011-2018
|
| 952 |
|
|
|0 0
|1 0
|3 Spoločne zviazané r. 2011-2018
|4 0
|7 0
|8 0
|a SNK
|b SNK
|d 2019-11-06
|i snk2019/28383
|l 0
|o snkČSB 7350/5[6]/2014
|p 17A1384531
|r 2026-02-21 22:07:49
|t č. 1-4
|w 2026-02-21
|y PREZ
|z Spoločne zviazané r. 2011-2018
|
| 952 |
|
|
|0 0
|1 0
|3 Spoločne zviazané r. 2011-2018
|4 0
|7 0
|8 0
|a SNK
|b SNK
|d 2019-11-06
|i snk2019/28383
|l 0
|o snkČSB 7350/7/2015
|p 17A1384532
|r 2026-02-21 22:07:49
|t č. 1-4
|w 2026-02-21
|y PREZ
|z Spoločne zviazané r. 2011-2018
|
| 952 |
|
|
|0 0
|1 0
|3 Spoločne zviazané r. 2011-2018
|4 0
|7 0
|8 0
|a SNK
|b SNK
|d 2019-11-06
|i snk2019/28383
|l 0
|o snkČSB 7350/8/2016
|p 17A1384533
|r 2026-02-21 22:07:49
|t č. 1-3
|w 2026-02-21
|y PREZ
|z Spoločne zviazané r. 2011-2018
|
| 952 |
|
|
|0 0
|1 0
|3 Spoločne zviazané r. 2011-2018
|4 0
|7 0
|8 0
|a SNK
|b SNK
|d 2019-11-06
|i snk2019/28383
|l 0
|o snkČSB 7350/9/2017
|p 17A1384534
|r 2026-02-21 22:07:49
|t č. 1-3
|w 2026-02-21
|y PREZ
|z Spoločne zviazané r. 2011-2018
|
| 952 |
|
|
|0 0
|1 0
|3 Spoločne zviazané r. 2011-2018
|4 0
|7 0
|8 0
|a SNK
|b SNK
|d 2019-11-06
|i snk2019/28383
|l 0
|o snkČSB 7350/10/2018
|p 17A1384535
|r 2026-02-21 22:07:49
|t č. 1-4
|w 2026-02-21
|y PREZ
|z Spoločne zviazané r. 2011-2018
|